Data Structures Using C/ (Record no. 185516)

MARC details
000 -LEADER
fixed length control field 00611nam a22001817a 4500
005 - DATE AND TIME OF LATEST TRANSACTION
control field 20220203121411.0
010 ## - LCCN (DPL NO)
LC control number ENG-131377
020 ## - INTERNATIONAL STANDARD BOOK NUMBER
International Standard Book Number 9789390394500
Terms of availability 499.00
035 ## - SYSTEM CONTROL NUMBER
System control number EN-114909
037 ## - SOURCE OF ACQUISITION
Source of stock number/acquisition DBAD
082 ## - DEWEY DECIMAL CLASSIFICATION NUMBER
Classification number 005.73
100 ## - MAIN ENTRY--PERSONAL NAME
Personal name Mehra, Ritika
245 ## - TITLE STATEMENT
Title Data Structures Using C/
Statement of responsibility, etc Ritika Mehra
260 ## - PUBLICATION, DISTRIBUTION, ETC. (IMPRINT)
Place of publication, distribution, etc Uttar Pradesh
Name of publisher, distributor, etc Pearson India Education Services
Date of publication, distribution, etc 2022
270 ## - ADDRESS
Address 15th Flooor, Tower-B, World Trade Tower, Plot No. 1, Block-C, Sector-16
City Noida
Postal code 201301
Electronic mail address companysecretary.india@pearson.com
300 ## - PHYSICAL DESCRIPTION
Extent vp.
Other physical details Index
Dimensions 23cm(pbk)
942 ## - ADDED ENTRY ELEMENTS (KOHA)
Source of classification or shelving scheme Dewey Decimal Classification
Item type English Books
Classification part 005.73
Call number suffix MEH
Holdings
Withdrawn status Lost status Not for loan Collection code Home library Current library Date acquired Source of acquisition Cost, normal purchase price Full call number Barcode Copy number Cost, replacement price Koha item type
      Non-fiction Ashok Vihar Ashok Vihar 03/02/2022 DBAD/PUB 499.00 005.73 MEH EN-114909 1 499.00 English Books

© Delhi Public Library
Hit Counter
free hit counter